|
|
|
|
| LEADER |
00000nab a2200000 ar4500 |
| 001 |
vtls009005703 |
| 003 |
SK-MaSNL |
| 005 |
20260303065709.0 |
| 008 |
070709c2007 xo qr|p|||||||000 b|slo |
| 015 |
|
|
|a SNBRB2007/07
|2 snkbucl
|
| 038 |
|
|
|a SNKBUCL
|
| 040 |
|
|
|a SNKBUCL
|b slo
|c SNKBUCL
|e AACR2
|
| 041 |
0 |
|
|a slo
|
| 044 |
|
|
|a xo
|c SK
|
| 080 |
|
|
|a 614.842.6:628.1
|2 2001
|
| 100 |
1 |
|
|a Kemenyík, Štefan
|4 aut
|9 777845
|
| 245 |
1 |
0 |
|a "Hasíme" vodou?
|c Štefan Kemenyík
|
| 300 |
|
|
|b Fotogr., graf, sch.
|
| 500 |
|
|
|a V úvode citát René Déscarta
|
| 650 |
0 |
7 |
|a hasenie
|2 snkbucl
|9 27096
|
| 650 |
0 |
7 |
|a hasiace látky
|2 snkbucl
|9 79770
|
| 650 |
0 |
7 |
|a voda
|2 snkbucl
|9 854
|
| 773 |
0 |
|
|t Alarm security magazín
|g Roč. IX., č. 2 (2007), s. 6-10
|x 1335-504X
|
| 852 |
|
|
|a SNK
|b KIS3GCP
|
| 999 |
|
|
|c 1752265
|d 1754195
|